|
|
|
|
| LEADER |
01346nas a22002772a 4500 |
| 001 |
000130342 |
| 003 |
CZ BrMZK |
| 005 |
20090204084927.0 |
| 007 |
ta |
| 008 |
970101d19511958xr qr p 0cze d |
| 040 |
|
|
|a BOA001
|b cze
|
| 245 |
0 |
0 |
|a Spojař
|
| 260 |
|
|
|a Praha :
|b Naše vojsko,
|c 1951-1958
|
| 300 |
|
|
|a ^^^sv.
|
| 310 |
|
|
|a 4x ročně
|
| 500 |
|
|
|a Vyd. MNO
|
| 710 |
1 |
|
|a Československo.
|b Ministerstvo národní obrany
|7 ko2004264013
|
| 910 |
|
|
|a BOA001
|b 05002-0713.342
|r 1951,53-58
|
| 990 |
|
|
|a SE
|
| 996 |
6 |
|
|b 2619978721
|c 05002-0713.342
|d 1951
|y 1951
|l MZK
|r DEP / do 15 dnů
|n 0
|w 000130342
|u 000010
|a 240
|e BOA001
|j MZK50
|s P
|
| 996 |
6 |
|
|b BC-698374
|c 05002-0713.342
|d 1953
|y 1953
|l MZK
|r DEP / do 15 dnů
|n 0
|w 000130342
|u 000020
|a 240
|e BOA001
|j MZK50
|s P
|
| 996 |
6 |
|
|b BC-698379
|c 05002-0713.342
|d 1954
|y 1954
|l MZK
|r DEP / do 15 dnů
|n 0
|w 000130342
|u 000030
|a 240
|e BOA001
|j MZK50
|s P
|
| 996 |
6 |
|
|b BC-698380
|c 05002-0713.342
|d 1955
|y 1955
|l MZK
|r DEP / do 15 dnů
|n 0
|w 000130342
|u 000040
|a 240
|e BOA001
|j MZK50
|s P
|
| 996 |
6 |
|
|b BC-698381
|c 05002-0713.342
|d 1956
|y 1956
|l MZK
|r DEP / do 15 dnů
|n 0
|w 000130342
|u 000050
|a 240
|e BOA001
|j MZK50
|s P
|
| 996 |
6 |
|
|b BC-698382
|c 05002-0713.342
|d 1957
|y 1957
|l MZK
|r DEP / do 15 dnů
|n 0
|w 000130342
|u 000060
|a 240
|e BOA001
|j MZK50
|s P
|
| 996 |
6 |
|
|b BC-698383
|c 05002-0713.342
|d 1958
|y 1958
|l MZK
|r DEP / do 15 dnů
|n 0
|w 000130342
|u 000070
|a 240
|e BOA001
|j MZK50
|s P
|